Statistics for Instruments of India

Click here to take the quiz!

General Stats

  • This quiz has been taken 145 times
  • The average score is 3 of 14

Answer Stats

Answer% Correct
Sitar
98%
Tabla
52%
Harmonium
31%
Rudra Veena
20%
Tanpura
15%
Santoor
14%
Shehnai
14%
Bansuri
12%
Mridangam
11%
Sarangi
11%
Sarod
11%
Kanjira
8%
Chaturangui
5%
Pakhavaj
4%

Score Distribution

Percentile by Number Answered

Percent of People with Each Score

Your Score History

You have not taken this quiz